000 00292nam a22001337a 4500
008 181016b xxu||||| |||| 00| 0 eng d
020 _a081296229-X
041 _aeng
080 _a940
100 _a16
101 _aSHH
245 _aThe New American Society
_cBensman,J
942 _2udc
_cBK
999 _c49826
_d49826